| Tag |
First Indicator |
Second Indicator |
Subfields |
| LEADER |
00000cam a2200000 a 4500 |
| 001 |
in00002781085 |
| 006 |
m d |
| 007 |
cr cn||||||||| |
| 008 |
120221s2012 maua ob 001 0 eng d |
| 005 |
20250816212350.2 |
| 010 |
|
|
|z 2012002289
|
| 020 |
|
|
|z 9780262017862 (hbk. alk. paper)
|
| 020 |
|
|
|z 9780262517782 (pbk. alk. paper)
|
| 020 |
|
|
|z 9780262305310 (e-book)
|
| 035 |
|
|
|a (CaPaEBR)ebr10583894
|
| 040 |
|
|
|a CaPaEBR
|c CaPaEBR
|d UtOrBLW
|
| 050 |
1 |
4 |
|a BF353.5.N37
|b E264 2012eb
|
| 082 |
0 |
4 |
|a 155.9/1
|2 23
|
| 245 |
0 |
0 |
|a Ecopsychology :
|b science, totems, and the technological species /
|c edited by Peter H. Kahn, Jr., and Patricia H. Hasbach.
|
| 264 |
|
1 |
|a Cambridge, Mass. :
|b MIT Press,
|c [2012]
|
| 264 |
|
4 |
|c ©2012
|
| 300 |
|
|
|a 1 online resource (x, 345 pages) :
|b illustrations
|
| 336 |
|
|
|a text
|b txt
|2 rdacontent
|
| 337 |
|
|
|a computer
|b c
|2 rdamedia
|
| 338 |
|
|
|a online resource
|b cr
|2 rdacarrier
|
| 504 |
|
|
|a Includes bibliographical references and indexes.
|
| 500 |
|
|
|a Electronic resource.
|
| 650 |
|
0 |
|a Nature
|x Psychological aspects.
|
| 650 |
|
0 |
|a Environmental psychology.
|
| 650 |
|
0 |
|a Distances
|v Juvenile literature.
|
| 655 |
|
7 |
|a Electronic books.
|2 local
|
| 700 |
1 |
|
|a Kahn, Peter H.,
|c Jr.
|
| 700 |
1 |
|
|a Hasbach, Patricia H.
|
| 710 |
2 |
|
|a ebrary, Inc.
|
| 856 |
4 |
0 |
|u https://ebookcentral.proquest.com/lib/tamucs/detail.action?docID=3339474
|y Connect to the full text of this electronic book
|t 0
|
| 980 |
|
|
|a 120828
|b 54
|c USD
|e 81
|f YBP_EBR0000041184
|g 1
|
| 999 |
f |
f |
|s 260a3252-c848-3051-8b72-743a95e98cba
|i 8252801e-8bc5-3478-9dd1-4afd8aaf03ab
|t 0
|
| 999 |
|
|
|a MARS
|
| 952 |
f |
f |
|a Texas A&M University
|b College Station
|c Electronic Resources
|d Available Online
|t 0
|e BF353.5.N37 E264 2012eb
|h Library of Congress classification
|
| 998 |
f |
f |
|a BF353.5.N37 E264 2012eb
|t 0
|l Available Online
|